000 00864nas a2200289 4500
001 BR9902629
003 BR-BrBNA
005 20231205101426.0
007 ta
008 230509b bl.|||p| |||| 00| 00por d
040 _aBR-BrBNA
_bpor
_cBiblioteca Nacional de Agricultura
041 _a(Pt)
072 _aF01
100 1 _aResende, G.M. de
100 1 _aCosta, N.D.
100 1 _aMelo, N.F. de
100 1 _aSouza, R.J. de
245 1 _aEfeitos do paclobutrazol em diferentes concentracoes e periodos de imersao na cultura do alho
650 _aAlho
650 _aRegulador de Crescimento
650 _aImersao
650 _aBulbo
650 _aMinas Gerais
773 0 _tPesquisa Agropecuaria Brasileira (Brazil)
_xISSN 0100-204X
_g(Apr 1999), v. 34(4) p. 635-639
_wBR9902629
909 _a202311
_bLúcia
_c55
_dLúcia Elande
942 _2AGRIS
_n0
_cANA
999 _c161759
_d161759